000 00556 a2200169 4500
999 _c8069
_d8069
020 _a9780821349533
050 0 0 _aHG178.3 ROB 2002
100 1 _aRobinson, Marguerite S.
_eauthor
245 1 4 _aThe microfinance revolution :
_cMarguerite S. Robinson.
_bVolume 2: lessons from india /
264 _aWashington:
_bWorld bank,
_c2002
300 _a463p.:
500 _aincludes index
500 _aincludes index
_5includes index
650 0 _aMicrofinance
942 _2lcc
_cBK
_h178.3
_iROB
_kHG